000 01154nam a2200241Ia 4500
001 18610
003 GE_BSU
008 181216s||||||||xx |||||||||||||| ||und||
040 _cGE_BSU
080 _a008(479.22)(09)
100 _aმენაბდე,ლ.
245 _aძველი ქართული მწერლობის კერები:ქართული კულტურის ისტორია. ქართული კულტურის კერები საზღვარგარეთ.
260 _aთბილისი
260 _bთბილისის უნ-ტის გამ-ბა
260 _c1980
300 _a496 გვ.21 სმ.
300 _cსაძიებელი გვ.449-473
520 _aქსეროქსი
541 _h13ლ.90თ.
653 _aქსეროქსი
653 _aძველი ქართული მწერლობის კერები:ქართული კულტურის ისტორია. ქართული კულტურის კერები საზღვარგარეთ.
942 _cBK
999 _c51619
_d51619